| 000 | 00540cam a2200205ua 4500 | ||
|---|---|---|---|
| 001 | 303 | ||
| 008 | 110328n ii |||gr||||Z||||||eng | ||
| 040 | _cMAIN | ||
| 082 | _a301 | ||
| 100 | _aSutherland, Robert L., | ||
| 245 | 1 | 1 |
_aIntroductory sociology. _cBy Robert L. Sutherland. |
| 250 | _a6th. | ||
| 260 |
_aNew Delhi.: _bOxford & ibp publishing.,956. |
||
| 300 |
_axi, 403 p.: _c28 cm. |
||
| 653 | _aSociology. | ||
| 653 | _aIntroductory sociology. | ||
| 700 | 1 | _aWoodward, Julian L., | |
| 700 | 1 | _aMaxwell, Milton, A., | |
| 942 | _cBK | ||
| 999 |
_c257 _d257 |
||